Normal view
MARC view
- THE DESIGN WARRIOR'S GUIDE TO FPGAS.FPGA
Entry Topical Term
001 - CONTROL NUMBER
- control field: 60002
003 - CONTROL NUMBER IDENTIFIER
- control field: NUST
005 - DATE AND TIME OF LATEST TRANSACTION
- control field: 20210628202447.0
008 - FIXED-LENGTH DATA ELEMENTS
- fixed length control field: 210628|| aca||aabn | a|a d
040 ## - CATALOGING SOURCE
- Original cataloging agency: NUST
- Transcribing agency: NUST
150 ## - HEADING--TOPICAL TERM
- Topical term or geographic name entry element: THE DESIGN WARRIOR'S GUIDE TO FPGAS.FPGA
670 ## - SOURCE DATA FOUND
- Source citation: Work cat.: (NUST): Maxfield, Clive .Max 60001, The design warrior's guide to fpgas ,devices, tools, and flows, 2004
